| 000 | 00699nam a22001937a 4500 | ||
|---|---|---|---|
| 003 | BD-DhUL | ||
| 005 | 20160907192634.0 | ||
| 008 | 160907s1994 bg ||||| |||| 000 0 ben d | ||
| 040 |
_aBD-DhUL _cBD-DhUL |
||
| 082 |
_a954.92 _bALM |
||
| 100 | 1 | _aআলমগীর, ফকির | |
| 245 | 1 | 0 |
_aমুক্তিযুদ্ধের স্মৃতি ও বিজয়ের গান / _cফকির আলমগীর |
| 250 | _a১ম প্র. | ||
| 260 |
_aঢাকা : _bঅনন্যা, _c১৯৯৪. |
||
| 300 |
_a১০৬ পৃ.; _c২১ সে. মি. |
||
| 650 | 0 | _aবাংলাদেশ- ইতিহাস | |
| 651 | _aHistory - Bangladesh | ||
| 942 |
_2ddc _cBK |
||
| 999 |
_c104753 _d104753 |
||